=LDR 00000nam 2200000 4500 =001 INLIS000000000001389 =005 20130612085809 =008 ***********************************Ind** =035 ##$$0010-061300000001389 =041 ##$$a Ind =082 ##$$a 371.302 814 =090 ##$$a 371.302 814, Mus-m =100 ##$$a MUSLIKHATUN, R =245 ##$$a Metode mengajar di Taman Kanak-kanak, Dra. Moeslikhatoen R., M.Pd =260 ##$$a 1999 $b Jakarta =300 ##$$a viii, 205 hlm, ilus, 21 cm =650 ##$$a Metode Pengajaran - TK =850 ##$$a NBPNMAT